Advances in manufacturing technology VIII :proceedings of the Tenth National Conference on Manufacturing Research, Loughborough University of Technology, 5-7 September 1994 / (Record no. 1661)

000 -LEADER
fixed length control field 01600cam a2200361 a 4500
001 - CONTROL NUMBER
control field 1147776
003 - CONTROL NUMBER IDENTIFIER
control field OSt
005 - DATE AND TIME OF LATEST TRANSACTION
control field 20150420124102.0
008 - FIXED-LENGTH DATA ELEMENTS--GENERAL INFORMATION
fixed length control field 950124s1994 enka b 100 0 eng
010 ## - LIBRARY OF CONGRESS CONTROL NUMBER
LC control number 95107365
020 ## - INTERNATIONAL STANDARD BOOK NUMBER
International Standard Book Number 0748402543
040 ## - CATALOGING SOURCE
Original cataloging agency DLC
Transcribing agency DLC
Modifying agency DLC
050 00 - LIBRARY OF CONGRESS CALL NUMBER
Classification number TS176.N377 1994
082 00 - DEWEY DECIMAL CLASSIFICATION NUMBER
Classification number 670.42
Edition number 20
111 2# - MAIN ENTRY--MEETING NAME
Meeting name or jurisdiction name as entry element National Conference on Manufacturing Research
Number of part/section/meeting (10th :
Date of meeting 1994 :
Location of meeting Loughborough University of Technology)
245 10 - TITLE STATEMENT
Title Advances in manufacturing technology VIII :proceedings of the Tenth National Conference on Manufacturing Research, Loughborough University of Technology, 5-7 September 1994 /
Statement of responsibility, etc edited by Keith Case and Steven T. Newman.
260 ## - PUBLICATION, DISTRIBUTION, ETC. (IMPRINT)
Place of publication, distribution, etc London ;
-- Bristol, PA :
Name of publisher, distributor, etc Taylor & Francis,
Date of publication, distribution, etc c1994.
300 ## - PHYSICAL DESCRIPTION
Extent xi, 687 p. :
Other physical details ill. ;
Dimensions 25 cm.
504 ## - BIBLIOGRAPHY, ETC. NOTE
Bibliography, etc Includes bibliographical references.
650 #0 - SUBJECT ADDED ENTRY--TOPICAL TERM
Topical term or geographic name as entry element Production engineering
General subdivision Congresses.
650 #0 - SUBJECT ADDED ENTRY--TOPICAL TERM
Topical term or geographic name as entry element Production management
General subdivision Congresses.
650 #0 - SUBJECT ADDED ENTRY--TOPICAL TERM
Topical term or geographic name as entry element Manufacturing processes
General subdivision Congresses.
650 #0 - SUBJECT ADDED ENTRY--TOPICAL TERM
Topical term or geographic name as entry element Process control
General subdivision Congresses.
700 1# - ADDED ENTRY--PERSONAL NAME
Personal name Case, Keith.
700 1# - ADDED ENTRY--PERSONAL NAME
Personal name Newman, Steven T.
740 0# - ADDED ENTRY--UNCONTROLLED RELATED/ANALYTICAL TITLE
Uncontrolled related/analytical title Advances in manufacturing technology 8.
740 0# - ADDED ENTRY--UNCONTROLLED RELATED/ANALYTICAL TITLE
Uncontrolled related/analytical title Advances in manufacturing technology eight.
856 41 - ELECTRONIC LOCATION AND ACCESS
Materials specified Table of contents only
Uniform Resource Identifier <a href="http://www.loc.gov/catdir/toc/fy0714/95107365.html">http://www.loc.gov/catdir/toc/fy0714/95107365.html</a>
856 42 - ELECTRONIC LOCATION AND ACCESS
Materials specified Publisher description
Uniform Resource Identifier <a href="http://www.loc.gov/catdir/enhancements/fy0745/95107365-d.html">http://www.loc.gov/catdir/enhancements/fy0745/95107365-d.html</a>
906 ## - LOCAL DATA ELEMENT F, LDF (RLIN)
a 7
b cbc
c orignew
d 2
e ncip
f 19
g y-gencatlg
942 ## - ADDED ENTRY ELEMENTS (KOHA)
Source of classification or shelving scheme
Koha item type Book
Holdings
Withdrawn status Lost status Source of classification or shelving scheme Damaged status Not for loan Home library Current library Shelving location Date acquired Total Checkouts Full call number Barcode Date last seen Date checked out Copy number Price effective from Koha item type
          Riara University Library Riara University Library General stack 20/04/2015 1 TS176.N377 1994 5682/15 22/04/2015 22/04/2015 C.1 20/04/2015 Book

Riara University Library,
P.O. Box 49940-00100,
Nairobi, Kenya.